Πέρα απο την προπόνηση
Αποθηκεύτηκε σε:
| Κύριος συγγραφέας: | |
|---|---|
| Άλλοι συγγραφείς: | |
| Μορφή: | Βιβλίο |
| Γλώσσα: | Greek English |
| Δημοσίευση: |
Θεσσαλονίκη :
Salto,
c1992.
|
| Θέματα: | |
| Ετικέτες: |
Προσθήκη ετικέτας
Δεν υπάρχουν, Καταχωρήστε ετικέτα πρώτοι!
|
MARC
| LEADER | 00000cam a2200000 i 4500 | ||
|---|---|---|---|
| 001 | 1/52213 | ||
| 008 | 941103s1992 gr | ||| |||| ||gre|| | ||
| 020 | |a 9602780274 | ||
| 035 | |a 1993 |c ΚΟΝΙΟΡΔΟΣ |l 10044363 | ||
| 040 | |a GR-MyUA |b gre |e AACR2 | ||
| 041 | 1 | |a gre |h eng | |
| 082 | 0 | |a 613.71 | |
| 100 | 1 | |a Williams, Melvin H. | |
| 245 | 1 | 0 | |a Πέρα απο την προπόνηση / |c Melvin H. Williams ; επιμέλεια μετάφραση για την ελληνική εκδοση Γιώργος Ζιώγας. |
| 260 | |a Θεσσαλονίκη : |b Salto, |c c1992. | ||
| 300 | |a 279 σ. ; |c 20 εκ. | ||
| 500 | |a Τίτλος πρωτοτύπου: Beyond training: how athletes enhance performance legally and illegally. | ||
| 650 | 0 | 0 | |a Physical education and training. |
| 650 | 0 | 0 | |a Athletes |x Substance use. |
| 650 | 0 | 0 | |a Athletes |x Nutrition. |
| 650 | 0 | 0 | |a Bioenergetics. |
| 700 | 1 | |a Ζιώγας, Γεώργιος Ν. |e edt |e trl | |
| 852 | |a INST |b SAMOS |e 19941103 |h 613.71 WIL |p 005300002591 |q 005300002591 |t BK |y 0 | ||
| 909 | |a Σ |b 029846 | ||